000 00534nam a2200193Ia 4500
003 GCL
008 140319s9999 xx 000 0 ara d
040 _aGCL /
_cGCL
082 0 4 _a813.03
_bن س
100 1 _aنجيب محفوظ
245 1 0 _aالسمان والخريف /
_cنجيب محفوظ
260 _aالقاهرة :
_bمكتبة مصر
300 _a198 ص ؛
_c20 سم
490 _a
650 0 4 _aالادب العربى
650 0 4 _aالقصة العربية
650 0 4 _aنجيب محفوظ
942 _2ddc
_cBK
999 _c39459
_d39459